000 00536nam a2200181 4500
001 127268
003 ES-MaACL
005 20230906192959.0
007 t|
008 070214s1958 sp r ||||1| spa d
100 1 _aRicord, Maurice.
_997047
245 1 0 _aCruceros por el Mediterráneo /
_cMaurice Ricord ; [traducción de Antonio Segura].
250 _a1ª ed.
260 _aBarcelona :
_bJuventud,
_c1958.
300 _a143 p., 185 lám. ;
_c23 cm.
700 1 _aSegura, Antonio.
_9105199
852 _aES-MaACL
_jC-14923
_bR.42858
999 _c127268
_d127268